| 000 | 00748nam a2200241 a 4500 | ||
|---|---|---|---|
| 001 | BRCA_5360 | ||
| 005 | 20190320205039.0 | ||
| 008 | 081210s1979----enka######---#000-0#eng-# | ||
| 020 | _a0289709113 | ||
| 041 | _aeng | ||
| 044 | _aenk | ||
| 050 | 4 |
_aN5208.5 _b.C47 1979 |
|
| 245 | 1 | 0 |
_aChristie´s review of the season 1979 _cedited by John Herbert. |
| 260 |
_aLondres _bStudio Vista _c1979 |
||
| 300 |
_a504 p. _bil. (algunas a color) _c25 cm. |
||
| 500 | _aIncluye índice de nombres | ||
| 500 | _aDonación Dr. Héctor Rivero Borrell Vázquez | ||
| 650 | 1 | 4 |
_aArte _xColeccionistas y colecciones _97445 |
| 650 | 1 | 4 |
_aSubastas _xColeccionistas y colecciones _910730 |
| 700 | 1 |
_aHerbert, John _eEditor _913726 |
|
| 902 | _aDHR | ||
| 942 |
_2lcc _cB |
||
| 999 |
_c5054 _d5054 |
||